Rainbow Six Siege operators by real names - Statistics

General Stats
  • This quiz has been taken 54 times
    45 since last reset
  • The average score is 26 of 70
Answer Stats
Hint Answer % Correct
Zofia Bosak Zofia
85%
[CENSORED] Nokk
71%
Elzbieta Bosak Ela
65%
Bo-Ram Choi Ram
65%
Samuel Leo Fisher Zero
65%
Timur Glazikov Glaz
62%
Siu Mei Lin Ying
56%
Eliza Cohen Ash
53%
Jalal El Fassi Kaid
53%
Max Goose Mozzie
50%
Seamus Cowden Sledge
50%
Said Al Hadid Oryx
47%
Miles Campbell Castle
44%
Gustave Kateb Doc
44%
Santiago Miguel Lucero Flores
44%
Cesar Ruiz Hernandez Goyo
44%
Elena Alvarez Del Manzano Mira
44%
Jordan Trace Thermite
44%
Aria De Luca Alibi
41%
Elias Kötz Blitz
41%
Olivier Flament Lion
41%
Jack Estrada Pulse
41%
Mike Baker Thatcher
41%
Kana Fujiwara Azami
38%
Taina Pereira Caveira
38%
Grace Nam Dokkaebi
38%
Monika Weiss IQ
38%
Marius Streicher Jäger
38%
Liu Tze Long Lesion
38%
Adriano Martello Maestro
38%
James Porter Smoke
38%
Alexsander Senaviev Tachanka
38%
Chul Kyung Hwa Vigil
38%
Craig Jenson Blackbeard
35%
Sebastien Cote Buck
35%
Lera Melnikova Finka
35%
Shuhrat Kessikbayer Fuze
35%
Maxim Basuda Kapkan
35%
Mark R. Chandar Mute
35%
Ngugi Muchoki Furaha Wamai
35%
Azucena Rocio Quispe Amaru
32%
Dominic Bruns Bandit
32%
Emil Svensson Fenrir
32%
Tina Lin Tsang Frost
32%
Ryad Ramirez Al-Hassar Jackal
32%
Sanaa El Maktoub Nomad
32%
Anja Katarina Janković Osa
32%
Emmanuelle Pichon Twitch
32%
Vicente Souza Capitao
29%
Masaru Enatsu Echo
29%
Yumiko Imagawa Hibana
29%
Nienke Meijer Iana
29%
Gilles Toure Montagne
29%
Julien Nizan Rook
29%
Morowa Evans Clash
26%
Tori Tallyo Fairous Gridlock
26%
Charlie Tho Keng Boon Grim
26%
Erik Thorn Maverick
26%
Néon Ngoma Mutombo Sens
26%
Ana Valentina Díaz Solis
26%
Isaac Nunes Oliveira Tubaraõ
26%
Meghan J. Castellano Valkyrie
26%
Havard Haugland Ace
24%
Jamini Kalimohan Shah Kali
24%
Thandive Ndlovu Melusi
24%
Brianna Skehan Thorn
24%
Mina Sky Thunderbird
24%
Colinn McKinley Warden
24%
Apha Tawanroong Aruni
18%
Nayara Cardoso Brava
18%
No matching quizzes found
Score Distribution
Percent of People with Each Score
Percentile by Number Answered
Your Score History
You have not taken this quiz since the last reset